<L'> e-mail marketing
Guardado en:
| Autor principal: | |
|---|---|
| Formato: | Libro |
| Lenguaje: | francés |
| Publicado: |
Paris
DUNOD
2008
|
| Edición: | 3e éd. |
| Colección: | Fonctions de l'entreprise
|
| Materias: | |
| Etiquetas: |
Sin Etiquetas, Sea el primero en etiquetar este registro!
|
MARC
| LEADER | 00000nam$a2200000$$$4500 | ||
|---|---|---|---|
| 001 | 0111000 | ||
| 005 | 20240314092950.4 | ||
| 020 | |a 978-2-10-051471-7 | ||
| 041 | 0 | |a fre | |
| 044 | |a FR | ||
| 245 | 1 | 0 | |a <L'> e-mail marketing |c Yan Claeyssen |
| 250 | |a 3e éd. | ||
| 264 | 1 | |a Paris |b DUNOD |c 2008 | |
| 300 | |a 245 s. | ||
| 490 | 1 | |a Fonctions de l'entreprise | |
| 830 | 0 | |a Fonctions de l'entreprise | |
| 610 | 2 | 0 | |a marketing |
| 610 | 2 | 0 | |a obchod elektronický |
| 610 | 2 | 0 | |a stratégia marketingová |
| 610 | 2 | 0 | |a internet |
| 610 | 2 | 0 | |a technika obchodná |
| 610 | 2 | 0 | |a marketing priamy |
| 610 | 2 | 0 | |a adresáre |
| 100 | 1 | |a Claeyssen, Yan | |